000 00289nam a2200121Ia 4500
008 220216s9999 xx 000 0 und d
100 _aVarghese Y A
245 0 _aPuthiya rubberinagal bhaviyude vagdaanam
260 _bRubber
_c2007
300 _a6-8.
700 _aJacob C K
942 _cML
999 _c72801
_d72801